[Event "Oslo Chess International 2014"]
[Site "Oslo"]
[Date "2014.09.28"]
[Round "2"]
[White "Gustavsson, Kent"]
[Black "Reppen, Tore"]
[Result "1-0"]
[WhiteElo "1892"]
[BlackElo "1678"]
[PlyCount "57"]
[EventDate "2014.??.??"]

1. d4 g6 2. e4 Bg7 3. c4 d6 4. Nc3 Nf6 5. g3 c6 6. Bg2 O-O 7. Nge2 Bg4 8. h3
Be6 9. Qd3 Na6 10. a3 Nc7 11. O-O d5 12. cxd5 cxd5 13. e5 Nd7 14. Nf4 Nb6 15.
b3 Qd7 16. Kh2 Rad8 17. a4 f6 18. Nxe6 Qxe6 19. f4 fxe5 20. dxe5 d4 21. Ne2
Nbd5 22. Nxd4 Qb6 23. Bb2 Nb4 24. Qc4+ Kh8 25. a5 Qxd4 26. Bxd4 Rxd4 27. Qxd4
Nc2 28. Qd7 Nxa1 29. Rxa1
1-0

[Event "Oslo Chess International 2014"]
[Site "Oslo"]
[Date "2014.09.28"]
[Round "2"]
[White "Aure, Anders Nilsson"]
[Black "Lindblom, Roar"]
[Result "1/2-1/2"]
[WhiteElo "1628"]
[BlackElo "1858"]
[PlyCount "105"]
[EventDate "2014.??.??"]

1. c4 Nf6 2. Nc3 c5 3. Nf3 Nc6 4. g3 g6 5. Bg2 Bg7 6. d3 O-O 7. Bd2 d6 8. Rb1
e6 9. O-O d5 10. Bg5 h6 11. Bxf6 Bxf6 12. cxd5 exd5 13. a3 b6 14. Nd2 Ne7 15.
Qc2 Be6 16. e4 Rc8 17. Rbc1 Qd7 18. Ne2 Nc6 19. Rfe1 Rfd8 20. Rcd1 Nd4 21. Nxd4
cxd4 22. Qb1 dxe4 23. Nxe4 Bg7 24. Rc1 Rxc1 25. Rxc1 Rc8 26. Nd2 Rc7 27. Rxc7
Qxc7 28. Qd1 b5 29. Nb3 a5 30. Qc1 Qxc1+ 31. Nxc1 b4 32. Bc6 bxa3 33. bxa3 Bf8
34. a4 Bc5 35. Bb5 Kf8 36. Ne2 g5 37. f4 f6 38. fxg5 hxg5 39. Kf2 Bd5 40. Ng1
Ke7 41. Nf3 Bf7 42. Nd2 f5 43. Nc4 Bb4 44. Ne5 Bd5 45. Ke2 g4 46. Nc6+ Bxc6 47.
Bxc6 Kf6 48. Kf2 Kg5 49. Kg2 f4 50. gxf4+ Kxf4 51. Bb7 Ke3 52. Ba6 Bd6 53. Bc4
1/2-1/2

[Event "Oslo Chess International 2014"]
[Site "Oslo"]
[Date "2014.09.28"]
[Round "2"]
[White "Hjortås, Olav"]
[Black "Sirletti, Sonia"]
[Result "0-1"]
[WhiteElo "1680"]
[BlackElo "1843"]
[PlyCount "36"]
[EventDate "2014.??.??"]

1. e4 d6 2. d4 Nf6 3. Bd3 e5 4. Nf3 Nbd7 5. Nc3 Be7 6. O-O c6 7. dxe5 dxe5 8.
Qe2 O-O 9. Bg5 b5 10. Rad1 Qc7 11. Nh4 Nc5 12. Nf5 Bxf5 13. exf5 e4 14. Bxf6
Bxf6 15. Bxe4 Rae8 16. f3 b4 17. Qc4 Qb6 18. Kh1 bxc3
0-1

[Event "Oslo Chess International 2014"]
[Site "Oslo"]
[Date "2014.09.28"]
[Round "2"]
[White "Trana, Arne O"]
[Black "Wicklund-Hansen, Rich."]
[Result "1/2-1/2"]
[WhiteElo "1358"]
[BlackElo "1815"]
[PlyCount "72"]
[EventDate "2014.??.??"]

1. c4 Nf6 2. d4 d5 3. cxd5 Nxd5 4. Nf3 g6 5. e4 Nf6 6. Nc3 Bg7 7. Bc4 c6 8. O-O
O-O 9. a4 Bg4 10. Be3 e6 11. h3 Bxf3 12. Qxf3 Nbd7 13. Rfd1 Qe7 14. Qe2 Rfd8
15. Rac1 Ne8 16. d5 exd5 17. exd5 c5 18. Qd2 Nd6 19. Bf1 b6 20. Re1 Qf8 21. Bf4
Nf5 22. Nb5 a6 23. Nc3 Nd4 24. Bc4 b5 25. axb5 Nb6 26. Qd3 axb5 27. Nxb5 Nxb5
28. Bxb5 Nxd5 29. Bg5 Nb4 30. Qf3 Rd5 31. Be7 Qb8 32. Bc4 Rf5 33. Qb3 Nc6 34.
Qxb8+ Rxb8 35. b3 Bd4 36. Bh4 Ne5
1/2-1/2

[Event "Oslo Chess International 2014"]
[Site "Oslo"]
[Date "2014.09.28"]
[Round "2"]
[White "Mørkedal, Øyvind"]
[Black "Sivaranjan, Pradheeban"]
[Result "1-0"]
[WhiteElo "1766"]
[BlackElo "1030"]
[PlyCount "127"]
[EventDate "2014.??.??"]

1. e4 e5 2. Nf3 Nc6 3. Bb5 d6 4. d4 a6 5. Bxc6+ bxc6 6. dxe5 Bg4 7. exd6 Bxd6
8. O-O Bc5 9. Qxd8+ Rxd8 10. Nc3 Bxf3 11. gxf3 Rd6 12. Bf4 Rg6+ 13. Kh1 Rf6 14.
Be5 Rg6 15. Ne2 Bd6 16. Bxd6 cxd6 17. Rg1 Rf6 18. Rg3 Ne7 19. Rag1 g6 20. f4
O-O 21. f5 Kg7 22. fxg6 fxg6 23. f4 Re6 24. f5 Rxe4 25. Nc3 Rd4 26. fxg6 hxg6
27. Re3 Rf7 28. Re6 Rd2 29. Ne4 Re2 30. Ng5 Rxe6 31. Nxe6+ Kh7 32. Ng5+ Kg7 33.
Nxf7 Kxf7 34. Kg2 g5 35. Kf3 Kg6 36. h4 Nf5 37. Rxg5+ Kf6 38. Rxf5+ Kxf5 39. c4
a5 40. b3 d5 41. cxd5 cxd5 42. Ke3 Ke5 43. h5 d4+ 44. Kd3 Kf5 45. Kxd4 Kg5 46.
Kc4 Kxh5 47. Kb5 Kg5 48. Kxa5 Kf5 49. Kb6 Ke5 50. a4 Kd6 51. a5 Kd7 52. Kb7 Kd6
53. a6 Kc5 54. a7 Kb4 55. a8=Q Kc3 56. Qa4 Kb2 57. b4 Kc3 58. b5 Kd2 59. Qa3
Kc2 60. Kc7 Kb1 61. b6 Kc2 62. b7 Kd1 63. b8=R Ke1 64. Rb1+
1-0

[Event "Oslo Chess International 2014"]
[Site "Oslo"]
[Date "2014.09.28"]
[Round "2"]
[White "Berntsen-Øybø, August"]
[Black "Landsverk, Ida"]
[Result "1/2-1/2"]
[WhiteElo "1676"]
[BlackElo "1359"]
[PlyCount "68"]
[EventDate "2014.??.??"]

1. e4 c6 2. d4 d5 3. e5 Bf5 4. Bd3 Bxd3 5. Qxd3 e6 6. Ne2 Ne7 7. Bg5 Nd7 8. O-O
Qc7 9. Nd2 c5 10. c3 Nc6 11. f4 cxd4 12. Nxd4 Be7 13. Bxe7 Nxe7 14. N2f3 O-O
15. Kh1 Nc5 16. Qc2 Ng6 17. Nd2 Rac8 18. Nb5 Qb6 19. Nd6 Rc7 20. Nb3 Nxb3 21.
Qxb3 Qxb3 22. axb3 b6 23. Nb5 Rd7 24. Rxa7 Rxa7 25. Nxa7 Ra8 26. Nb5 Ra2 27. g3
Rxb2 28. b4 h5 29. h3 Re2 30. h4 Ne7 31. Rf3 Nf5 32. Rd3 Ne3 33. Nd6 Re1+ 34.
Kh2 Re2+
1/2-1/2

[Event "Oslo Chess International 2014"]
[Site "Oslo"]
[Date "2014.09.28"]
[Round "2"]
[White "Grønn, Embla Ekeland"]
[Black "Edakina, Maria"]
[Result "0-1"]
[WhiteElo "1389"]
[BlackElo "1675"]
[PlyCount "156"]
[EventDate "2014.??.??"]

1. d4 d5 2. Nc3 Nf6 3. Bg5 Bf5 4. f3 Nbd7 5. Qd2 c6 6. O-O-O Qc8 7. h4 h5 8. e3
e6 9. Bd3 Be7 10. e4 dxe4 11. fxe4 Bg4 12. Be2 Bb4 13. Bxg4 Nxg4 14. Nh3 Ndf6
15. Rhe1 Qc7 16. Bf4 Qa5 17. a3 Bxc3 18. Qxc3 Qxc3 19. bxc3 O-O 20. c4 Rfd8 21.
Bg5 Rd7 22. Rd2 Nh7 23. Bf4 Rad8 24. Red1 e5 25. dxe5 Rxd2 26. Rxd2 Rxd2 27.
Kxd2 Nf8 28. Kd3 Ne6 29. g3 Kf8 30. Ng5 c5 31. Nxe6+ fxe6 32. Bd2 Nxe5+ 33. Kc3
Kf7 34. Be3 Nd7 35. Kd3 Kf6 36. Ke2 Ke5 37. Kf3 Kf6 38. Bg5+ Ke5 39. Bd2 Kf6
40. Bc3+ e5 41. Ba5 Ke6 42. g4 hxg4+ 43. Kxg4 Nf6+ 44. Kf3 b6 45. Bd2 Ne8 46.
Ke2 Kf7 47. Kd3 Kg6 48. Kc3 Nd6 49. Kd3 Nf7 50. Kc3 Kh5 51. Be1 Kg4 52. Kd3 Nd6
53. Bc3 Nf7 54. Be1 Nh8 55. Bc3 Ng6 56. Ke3 Kxh4 57. Kf3 Kh5 58. Kg3 Kg5 59.
Bd2+ Kf6 60. Kg4 Nf4 61. a4 Ne6 62. a5 bxa5 63. Bxa5 Nd4 64. Bd8+ Ke6 65. c3
Nb3 66. Kf3 a5 67. Ke3 a4 68. Kd3 a3 69. Bb6 a2 70. Kc2 a1=Q 71. Kxb3 Qb1+ 72.
Ka3 Qxb6 73. Ka4 g5 74. Ka3 g4 75. Ka2 g3 76. Ka3 g2 77. Ka2 g1=R 78. Ka3 Ra1#
0-1

[Event "Oslo Chess International 2014"]
[Site "Oslo"]
[Date "2014.09.28"]
[Round "2"]
[White "Røneid, Heidi"]
[Black "Hjelle, Øyvind"]
[Result "0-1"]
[WhiteElo "1675"]
[BlackElo "1357"]
[PlyCount "88"]
[EventDate "2014.??.??"]

1. e4 c5 2. c3 e6 3. d4 d5 4. exd5 exd5 5. Nf3 Nf6 6. Bb5+ Bd7 7. Qe2+ Be7 8.
O-O O-O 9. Re1 Bd6 10. Bg5 Bg4 11. Nbd2 a6 12. Ba4 b5 13. Bc2 Nbd7 14. Qf1 Qc7
15. h3 Bh5 16. Rac1 h6 17. Bxf6 Nxf6 18. dxc5 Bf4 19. g4 Bg6 20. Bxg6 fxg6 21.
b4 Ne4 22. Re2 Rae8 23. Rc2 Rf7 24. Nxe4 dxe4 25. Nd4 e3 26. f3 Bg3 27. Qg2
Bf2+ 28. Kh1 Rfe7 29. a3 Rd8 30. Qh2 Bg3 31. Qg1 Qf4 32. Qg2 Red7 33. Rc1 Rd5
34. Rg1 Bf2 35. Rf1 Qf6 36. Qh2 Rxd4 37. cxd4 Qxf3+ 38. Qg2 Qxe2 39. c6 Qc4 40.
Rxf2 exf2 41. Qxf2 Qxc6+ 42. Kg1 Rf8 43. Qa2+ Kh7 44. d5 Qd6
0-1

[Event "Oslo Chess International 2014"]
[Site "Oslo"]
[Date "2014.09.28"]
[Round "2"]
[White "Eide, Adrian"]
[Black "Nilsen, Tobias Lang"]
[Result "0-1"]
[WhiteElo "1356"]
[BlackElo "1652"]
[PlyCount "84"]
[EventDate "2014.??.??"]

1. d4 d5 2. c4 c6 3. Nf3 Nf6 4. Nc3 e6 5. Bg5 Nbd7 6. e3 Qa5 7. Bd3 Ne4 8. Qa4
Qxa4 9. Nxa4 Bb4+ 10. Ke2 Nxg5 11. Nxg5 dxc4 12. Be4 h6 13. Nf3 Nf6 14. Bc2 b5
15. Nc3 Bxc3 16. bxc3 Bb7 17. Nd2 O-O-O 18. f4 Rhe8 19. Ne4 Nxe4 20. Bxe4 f6
21. Rhf1 Kc7 22. Rad1 c5 23. Bxb7 Kxb7 24. dxc5 Kc6 25. Rd4 Kxc5 26. Rfd1 Rxd4
27. Rxd4 Re7 28. Rd8 Kb6 29. Rb8+ Ka5 30. g3 Rd7 31. Rg8 Ka4 32. Re8 Ka3 33.
Rxe6 Kxa2 34. Ra6+ Kb3 35. Ra5 Kxc3 36. Rxb5 Kc2 37. Rc5 c3 38. h4 Kb2 39. Rb5+
Kc1 40. Ra5 c2 41. Ke1 Rb7 42. Rd5 Kb1
0-1

[Event "Oslo Chess International 2014"]
[Site "Oslo"]
[Date "2014.09.28"]
[Round "2"]
[White "Hem, Even Elias Yuan"]
[Black "Sjøberg, Isak"]
[Result "1-0"]
[WhiteElo "1648"]
[BlackElo "1355"]
[PlyCount "63"]
[EventDate "2014.??.??"]

1. d4 Nf6 2. c4 c5 3. d5 b5 4. cxb5 a6 5. Nc3 axb5 6. Nxb5 Ba6 7. Nc3 g6 8. g3
Bg7 9. Bg2 d6 10. e4 Nbd7 11. Nge2 O-O 12. Bf4 Ng4 13. Qd2 Nge5 14. Bxe5 Nxe5
15. O-O Qb6 16. Rab1 Rfb8 17. b3 Qb4 18. Rfd1 Bd3 19. Rbc1 Rb7 20. f4 Bxe2 21.
Qxe2 Nd7 22. e5 g5 23. Ne4 gxf4 24. gxf4 Qb6 25. e6 fxe6 26. dxe6 Nb8 27. Qh5
h6 28. Qf7+ Kh8 29. Qe8+ Kh7 30. Ng5+ hxg5 31. Be4+ Kh6 32. Qg6#
1-0

[Event "Oslo Chess International 2014"]
[Site "Oslo"]
[Date "2014.09.28"]
[Round "2"]
[White "Hånes, Sturle"]
[Black "Hauan, Tore Martin Madsø"]
[Result "0-1"]
[WhiteElo "1309"]
[BlackElo "1647"]
[PlyCount "118"]
[EventDate "2014.??.??"]

1. d4 Nf6 2. Nf3 g6 3. g3 Bg7 4. Bg2 d5 5. O-O O-O 6. c3 Nbd7 7. Re1 Ne4 8.
Nbd2 f5 9. Nb3 c6 10. Qc2 Qb6 11. e3 e5 12. dxe5 Nxe5 13. Nxe5 Bxe5 14. Nd4 Bd7
15. h4 Rae8 16. Ne2 Nf6 17. Qb3 Qc7 18. Nf4 Bxf4 19. gxf4 b6 20. Qd1 Qd8 21.
Qf3 Ne4 22. Bf1 Qxh4 23. Re2 Rf7 24. Qh3 Qxh3 25. Bxh3 c5 26. f3 Nf6 27. Kf2
Rfe7 28. Bd2 Nh5 29. Bf1 Bb5 30. Ree1 Bxf1 31. Kxf1 Kf7 32. Rad1 Nf6 33. Kf2 h6
34. Rh1 Kg7 35. Rde1 g5 36. Rhg1 g4 37. c4 Kg6 38. cxd5 h5 39. Bc3 Nxd5 40. Be5
Nb4 41. Rd1 Nc6 42. Rd6+ Re6 43. Rgd1 Nxe5 44. fxe5 Kf7 45. f4 h4 46. Kg2 R8e7
47. Rxe6 Rxe6 48. Rd7+ Re7 49. Rd6 Kg7 50. Rf6 Rf7 51. Rd6 c4 52. e6 Re7 53. e4
fxe4 54. Rd7 Kf6 55. f5 Rxd7 56. exd7 Ke7 57. f6+ Kxd7 58. f7 Ke7 59. f8=Q+
Kxf8
0-1

[Event "Oslo Chess International 2014"]
[Site "Oslo"]
[Date "2014.09.28"]
[Round "2"]
[White "Myhre, Mads Wollan"]
[Black "Roksvold, Thore"]
[Result "0-1"]
[WhiteElo "1646"]
[BlackElo "1140"]
[PlyCount "120"]
[EventDate "2014.??.??"]

1. c4 e6 2. g3 d5 3. cxd5 exd5 4. Bg2 c6 5. Nf3 Nf6 6. O-O Bd6 7. d3 O-O 8. Nc3
Be6 9. a3 Nbd7 10. b4 Ng4 11. Qc2 Nge5 12. Nxe5 Nxe5 13. Rd1 Rc8 14. Bb2 Qd7
15. Rac1 a6 16. Ba1 Bh3 17. Qb2 Bxg2 18. Kxg2 f6 19. Qb3 Kh8 20. Na4 Qf5 21.
Rd2 Bb8 22. Bd4 Nf7 23. Bc5 Rfe8 24. Nb6 Rcd8 25. h4 Ne5 26. Na4 Ng4 27. Nb2
Bd6 28. Nd1 Bb8 29. d4 Qg6 30. Bb6 Rd6 31. Qf3 Rde6 32. Rc3 h5 33. Nb2 Qh6 34.
Rcd3 g5 35. hxg5 fxg5 36. e3 Rf6 37. Qd1 Qf8 38. Qe1 Qf7 39. Nd1 Rf8 40. Bc5
Re8 41. Qh1 Bc7 42. b5 axb5 43. Qe1 h4 44. Qh1 Rh6 45. Qh3 Nf6 46. g4 Qg6 47.
f3 Nd7 48. Bb4 Bg3 49. Nf2 Nb6 50. Rc3 Nc4 51. Re2 Qh7 52. Nh1 Bf4 53. Kf2 Rhe6
54. e4 dxe4 55. fxe4 Rxe4 56. Rxe4 Qxe4 57. Qf3 Qe1+ 58. Kg2 Re2+ 59. Nf2 Nd2
60. Rc5 Qf1#
0-1

[Event "Oslo Chess International 2014"]
[Site "Oslo"]
[Date "2014.09.28"]
[Round "2"]
[White "Nymo, Olav Andreas Førde"]
[Black "Carstensen, Øyvind"]
[Result "0-1"]
[WhiteElo "1200"]
[BlackElo "1633"]
[PlyCount "72"]
[EventDate "2014.??.??"]

1. d4 d5 2. c4 dxc4 3. Nc3 a6 4. a4 e5 5. dxe5 Qxd1+ 6. Kxd1 Be6 7. Bf4 Ne7 8.
Nf3 Ng6 9. Bg3 Nc6 10. e3 Rd8+ 11. Ke1 Nb4 12. Rc1 Nc6 13. Ng5 Ngxe5 14. Nxe6
fxe6 15. Bxe5 Nxe5 16. f3 c6 17. Ne4 b5 18. axb5 cxb5 19. Kf2 Bb4 20. Be2 Nd3+
21. Bxd3 Rxd3 22. Rhd1 Rxd1 23. Rxd1 Ke7 24. Ke2 a5 25. Nc3 Rb8 26. Ra1 Bxc3
27. bxc3 b4 28. cxb4 axb4 29. Kd2 Rd8+ 30. Kc2 Rb8 31. Rd1 b3+ 32. Kb2 Rd8 33.
Rc1 Rd2+ 34. Ka3 b2 35. Rg1 Rc2 36. h3 Rc1
0-1

[Event "Oslo Chess International 2014"]
[Site "Oslo"]
[Date "2014.09.28"]
[Round "2"]
[White "Heier, Odin Nikolai"]
[Black "Larsen, Per Magnus"]
[Result "1-0"]
[WhiteElo "1626"]
[BlackElo "1000"]
[PlyCount "73"]
[EventDate "2014.??.??"]

1. e4 e6 2. d4 d5 3. Nc3 Nf6 4. Bg5 Bb4 5. e5 h6 6. Bd2 Nfd7 7. a3 Be7 8. Nce2
c5 9. c3 Nc6 10. f4 cxd4 11. cxd4 Nf8 12. Nf3 f5 13. Ng3 Bh4 14. Be2 Bd7 15.
Be3 Qe7 16. Bf2 Bxg3 17. hxg3 O-O-O 18. O-O Qf7 19. b4 Kb8 20. Be1 Rc8 21. b5
Nd8 22. Bb4 b6 23. a4 Qe8 24. Qd3 Kb7 25. a5 Rc4 26. Qa3 Bxb5 27. axb6 a6 28.
Bxc4 Bxc4 29. Rfc1 Qb5 30. Bxf8 Kxb6 31. Rab1 Nb7 32. Rxb5+ Bxb5 33. Bc5+ Kc6
34. Ba7+ Kd7 35. Nh4 Ra8 36. Ng6 Rxa7 37. Qe7#
1-0

[Event "Oslo Chess International 2014"]
[Site "Oslo"]
[Date "2014.09.28"]
[Round "2"]
[White "Bjørnsen, Magnus"]
[Black "Kløfsrud, August Kristiansen"]
[Result "0-1"]
[WhiteElo "925"]
[BlackElo "1606"]
[PlyCount "76"]
[EventDate "2014.??.??"]

1. e4 e6 2. Nf3 d5 3. e5 c5 4. c3 Nc6 5. d4 Nge7 6. Bd3 Bd7 7. Bf4 cxd4 8. cxd4
Qb6 9. Qd2 Nxd4 10. Nxd4 Qxd4 11. O-O Ng6 12. Bxg6 Qxd2 13. Nxd2 hxg6 14. Rac1
Be7 15. Nf3 f6 16. Rc7 b6 17. Rfc1 Rg8 18. Rb7 Bd8 19. exf6 gxf6 20. Bc7 Bc8
21. Rb8 Rxb8 22. Bxb8 Kd7 23. Bxa7 Bc7 24. Nd4 Ba6 25. Nc6 Ra8 26. b4 Bb7 27.
b5 Bxc6 28. Bxb6 Bxb6 29. bxc6+ Kc7 30. Rc2 Ra5 31. Kf1 Rc5 32. Rxc5 Bxc5 33.
Ke2 Kxc6 34. f3 e5 35. Kd3 f5 36. g4 e4+ 37. fxe4 dxe4+ 38. Ke2 fxg4
0-1

[Event "Oslo Chess International 2014"]
[Site "Oslo"]
[Date "2014.09.28"]
[Round "2"]
[White "Wærstad, Leif E"]
[Black "Berg-Olsen, Sebastian N"]
[Result "1-0"]
[WhiteElo "1605"]
[BlackElo "910"]
[PlyCount "73"]
[EventDate "2014.??.??"]

1. d4 d5 2. Nf3 Nc6 3. e3 Nf6 4. c4 e6 5. Nc3 Be7 6. Be2 O-O 7. O-O b6 8. a3 a5
9. Qc2 Bb7 10. b3 Rb8 11. Bb2 Qd7 12. Rfd1 Rfd8 13. Rac1 Na7 14. Ne5 Qe8 15.
Nb5 Nc6 16. Nxc7 Qf8 17. cxd5 Nxe5 18. dxe5 Nxd5 19. Nb5 Ba6 20. Nd4 Bb7 21. a4
Bg5 22. Qb1 Nxe3 23. fxe3 Bxe3+ 24. Kf1 Bxc1 25. Rxc1 f6 26. Nxe6 Qb4 27. Nxd8
Qf4+ 28. Ke1 Rxd8 29. g3 Qe3 30. Kf1 fxe5 31. Ba3 Rd7 32. Bc4+ Kh8 33. Qf5 Bg2+
34. Kxg2 Rd2+ 35. Kh1 Rd8 36. Rf1 h6 37. Bc1
1-0

[Event "Oslo Chess International 2014"]
[Site "Oslo"]
[Date "2014.09.28"]
[Round "3"]
[White "Merkesvik, Amalie Isabel"]
[Black "Bjørnsen, Magnus"]
[Result "1-0"]
[WhiteElo "1530"]
[BlackElo "925"]
[PlyCount "103"]
[EventDate "2014.??.??"]

1. e4 d5 2. exd5 Qxd5 3. Nf3 Nf6 4. d4 Nc6 5. Nc3 Qd7 6. Bb5 a6 7. Ne5 Qe6 8.
Bxc6+ bxc6 9. O-O c5 10. Re1 Qd6 11. dxc5 Qxc5 12. Qf3 Rb8 13. Nd3 Qh5 14. Qc6+
Bd7 15. Qxc7 Rc8 16. Qf4 e6 17. Ne5 Bd6 18. Qg5 Qxg5 19. Bxg5 Bxe5 20. Rxe5 Ke7
21. Rc1 h6 22. Bxf6+ Kxf6 23. Re3 g5 24. Ne4+ Ke7 25. c4 f5 26. Nc3 Kf7 27. Ne2
Rhd8 28. h4 f4 29. Re5 Kf6 30. Ra5 Ra8 31. hxg5+ hxg5 32. g3 e5 33. gxf4 gxf4
34. Nc3 Bc6 35. Nd5+ Kf7 36. Rc5 Bd7 37. Rc7 Ke6 38. Nb6 Rg8+ 39. Kf1 Rh8 40.
Ke2 Rad8 41. Nxd7 Rxd7 42. Rxd7 Kxd7 43. c5 Kc6 44. b4 Rd8 45. Rd1 Re8 46. Rd6+
Kb5 47. Rb6+ Ka4 48. c6 Rc8 49. Kd3 Rd8+ 50. Kc4 Rd4+ 51. Kc5 Rd2 52. Rxa6#
1-0

[Event "Oslo Chess International 2014"]
[Site "Oslo"]
[Date "2014.09.28"]
[Round "3"]
[White "Carstensen, Øyvind"]
[Black "Omtvedt, Per"]
[Result "1/2-1/2"]
[WhiteElo "1633"]
[BlackElo "1948"]
[PlyCount "134"]
[EventDate "2014.??.??"]

1. d4 d5 2. Nd2 g6 3. e3 Bg7 4. b4 Nf6 5. Bb2 O-O 6. Ngf3 Nbd7 7. c4 c6 8. Be2
dxc4 9. Nxc4 Nb6 10. O-O Nxc4 11. Bxc4 Qd6 12. a3 Be6 13. Qb3 Bxc4 14. Qxc4 Ne4
15. Rfd1 Rfd8 16. Qe2 Qd5 17. Rac1 a5 18. Qc4 Qxc4 19. Rxc4 Nd6 20. Rc2 axb4
21. axb4 Ra4 22. Bc3 e6 23. Ra1 Rxa1+ 24. Bxa1 Ra8 25. Bc3 Nb5 26. Be1 Ra1 27.
Kf1 Bf8 28. Ke2 Rb1 29. Nd2 Rxb4 30. Nc4 Ra4 31. Na5 Nd6 32. Rb2 Kg7 33. Nxb7
Nxb7 34. Rxb7 Ra2+ 35. Kf3 c5 36. dxc5 Rc2 37. Rb3 Rxc5 38. Bc3+ Kg8 39. g4 Rc8
40. Bf6 Bg7 41. g5 h6 42. h4 Kh7 43. e4 hxg5 44. hxg5 Bxf6 45. gxf6 g5 46. Kg4
Kg6 47. e5 Rc4+ 48. Kg3 Rc5 49. f4 gxf4+ 50. Kxf4 Rc4+ 51. Ke3 Kf5 52. Rb7 Kxe5
53. Rxf7 Re4+ 54. Kf3 Rf4+ 55. Ke3 Rxf6 56. Rxf6 Kxf6 57. Kf4 e5+ 58. Ke4 Ke6
59. Ke3 Kd5 60. Kd3 e4+ 61. Ke3 Ke5 62. Ke2 Kd4 63. Kd2 e3+ 64. Ke2 Ke4 65. Ke1
Kd3 66. Kd1 e2+ 67. Ke1 Ke3
1/2-1/2

[Event "Oslo Chess International 2014"]
[Site "Oslo"]
[Date "2014.09.28"]
[Round "3"]
[White "Kløfsrud, August Kristiansen"]
[Black "Kverndal, Leif"]
[Result "1/2-1/2"]
[WhiteElo "1606"]
[BlackElo "1838"]
[PlyCount "91"]
[EventDate "2014.??.??"]

1. d4 Nf6 2. c4 g6 3. Nc3 Bg7 4. e4 d6 5. Be2 O-O 6. Nf3 b6 7. O-O Bb7 8. d5
Nbd7 9. h3 c6 10. Be3 cxd5 11. cxd5 Rc8 12. Rc1 Nc5 13. Nd2 e6 14. b4 Ncd7 15.
Nb5 Qe7 16. Rxc8 Rxc8 17. dxe6 fxe6 18. Nc4 Nxe4 19. Ncxd6 Nxd6 20. Qxd6 Qxd6
21. Nxd6 Rc7 22. Nxb7 Rxb7 23. Bc4 Kf7 24. Bf4 Ne5 25. Bxe5 Bxe5 26. Re1 Kf6
27. g4 h6 28. Re4 g5 29. Kg2 Rd7 30. Bb3 Rd6 31. h4 Bf4 32. Rc4 e5 33. h5 Bd2
34. Rc7 e4 35. b5 Ba5 36. Rxa7 Ke5 37. Rc7 Kf4 38. Rc6 Rxc6 39. bxc6 b5 40. Bd1
e3 41. fxe3+ Kxe3 42. Kf1 b4 43. Bb3 Bc7 44. Kg2 Bd6 45. Kf1 Bc7 46. Kg2
1/2-1/2

[Event "Oslo Chess International 2014"]
[Site "Oslo"]
[Date "2014.09.28"]
[Round "3"]
[White "Keadana, Amir"]
[Black "Pettersson, Ola"]
[Result "1-0"]
[WhiteElo "1628"]
[BlackElo "1997"]
[PlyCount "79"]
[EventDate "2014.??.??"]

1. e4 e5 2. Nf3 Nc6 3. Bc4 Bc5 4. c3 Qe7 5. O-O d6 6. d4 Bb6 7. d5 Nd8 8. Bg5
f6 9. Bh4 g5 10. Bg3 h5 11. h4 Nh6 12. Nfd2 Ng4 13. Bd3 Nf7 14. Nc4 gxh4 15.
Bxh4 Ng5 16. a4 Qg7 17. Nxb6 axb6 18. Qe2 Bd7 19. f3 Nh6 20. Kh1 c6 21. f4 Bg4
22. Qe3 exf4 23. Qxf4 O-O 24. dxc6 bxc6 25. Qxd6 Nhf7 26. Qxf6 Qxf6 27. Rxf6
Kg7 28. Rxc6 Ne5 29. Rc7+ Kh6 30. Bb5 Nxe4 31. Na3 Nf2+ 32. Kg1 Ned3 33. Rc6+
Kg7 34. Rd6 Nc5 35. Bxf2 Rxf2 36. b4 Ne4 37. Rd4 Rf4 38. Re1 Bf5 39. Bc6 Rc8
40. Bxe4
1-0

[Event "Oslo Chess International 2014"]
[Site "Oslo"]
[Date "2014.09.28"]
[Round "3"]
[White "Lindblom, Roar"]
[Black "Heier, Odin Nikolai"]
[Result "1-0"]
[WhiteElo "1858"]
[BlackElo "1626"]
[PlyCount "119"]
[EventDate "2014.??.??"]

1. d4 d5 2. c4 e6 3. Nf3 Nf6 4. cxd5 exd5 5. Qc2 Be7 6. Bg5 h6 7. Bf4 c6 8. Nc3
O-O 9. e3 Nbd7 10. h3 Nb6 11. Bd3 Re8 12. a3 Bd6 13. Bxd6 Qxd6 14. b4 a6 15.
O-O Nbd7 16. Rfc1 b5 17. a4 Nb6 18. axb5 cxb5 19. Qb3 Bb7 20. Ra2 Nc4 21. Nd2
Kf8 22. Re1 Kg8 23. Bf5 g6 24. Bd3 Kg7 25. Qb1 Rac8 26. Ne2 Kh7 27. Nb3 Qxb4
28. Nc5 Qxb1 29. Rxb1 Re7 30. Nxa6 Ra8 31. Rba1 Bxa6 32. Rxa6 Rxa6 33. Rxa6 Ne8
34. h4 Kg7 35. Nc3 Nc7 36. Ra7 Kf6 37. Rb7 Nd6 38. Rxc7 Rxc7 39. Nxd5+ Ke6 40.
Nxc7+ Kd7 41. Nxb5 Nb7 42. e4 Ke6 43. g4 f6 44. f4 g5 45. f5+ Ke7 46. hxg5 hxg5
47. Kf2 Kd7 48. e5 fxe5 49. dxe5 Nc5 50. Bc2 Ke7 51. Nd6 Nd7 52. Nc4 Nc5 53.
Ke3 Nd7 54. Kd4 Nb8 55. Kd5 Na6 56. f6+ Kf8 57. Bg6 Nc7+ 58. Kd6 Nb5+ 59. Kd7
Nd4 60. e6
1-0

[Event "Oslo Chess International 2014"]
[Site "Oslo"]
[Date "2014.09.28"]
[Round "3"]
[White "Reppen, Tore"]
[Black "Trana, Arne O"]
[Result "1/2-1/2"]
[WhiteElo "1678"]
[BlackElo "1358"]
[PlyCount "43"]
[EventDate "2014.??.??"]

1. g3 Nf6 2. Bg2 d5 3. Nf3 e6 4. d3 Be7 5. c4 O-O 6. cxd5 exd5 7. O-O c5 8. b3
Nc6 9. Bb2 h6 10. Nbd2 Be6 11. Rc1 b6 12. Ne5 Nxe5 13. Bxe5 Rc8 14. Qc2 Qd7 15.
Qb1 d4 16. Bxf6 Bxf6 17. Rc2 Rfd8 18. Ne4 Be7 19. Nd2 b5 20. Rfc1 f5 21. Nf3
Bd6 22. b4
1/2-1/2

[Event "Oslo Chess International 2014"]
[Site "Oslo"]
[Date "2014.09.28"]
[Round "3"]
[White "Huse, Sigurd Kjelsbøl"]
[Black "Wahlstedt, Mats"]
[Result "1/2-1/2"]
[WhiteElo "1720"]
[BlackElo "1980"]
[PlyCount "59"]
[EventDate "2014.??.??"]

1. e4 c5 2. Nf3 e6 3. d4 cxd4 4. Nxd4 a6 5. c4 Nf6 6. Nc3 Qc7 7. Be3 Bb4 8. f3
O-O 9. Be2 d5 10. exd5 exd5 11. Qb3 Qe7 12. Nc2 Nc6 13. cxd5 Bf5 14. dxc6 Bxc2
15. Qxc2 Qxe3 16. cxb7 Rad8 17. a3 Ba5 18. b4 Bb6 19. Rf1 Bd4 20. Rc1 Rfe8 21.
Nb1 Nd5 22. Qd2 Nf4 23. Rc8 Rxc8 24. bxc8=Q Rxc8 25. Qxe3 Bxe3 26. Bd1 Nxg2+
27. Ke2 Bc1 28. Bb3 Nf4+ 29. Kf2 Kf8 30. Rd1
1/2-1/2

[Event "Oslo Chess International 2014"]
[Site "Oslo"]
[Date "2014.09.28"]
[Round "3"]
[White "Vestby-Ellingsen, Mads"]
[Black "Bakkes, Frits"]
[Result "1/2-1/2"]
[WhiteElo "1566"]
[BlackElo "1682"]
[PlyCount "88"]
[EventDate "2014.??.??"]

1. e4 e5 2. Nf3 Nc6 3. Bb5 a6 4. Ba4 Nf6 5. O-O Be7 6. c3 d6 7. Re1 O-O 8. d3
b5 9. Bc2 b4 10. Ba4 Bd7 11. Bxc6 Bxc6 12. cxb4 Kh8 13. Nc3 Bb7 14. a3 c6 15.
d4 exd4 16. Nxd4 Nd7 17. Nf5 Ne5 18. Bf4 g6 19. Ne3 f6 20. Nc2 f5 21. Nd4 Qc8
22. exf5 gxf5 23. Bxe5+ dxe5 24. Rxe5 Bd6 25. Re2 Rd8 26. Rd2 c5 27. Nb3 Qc6
28. f3 cxb4 29. axb4 Qb6+ 30. Kh1 Qxb4 31. Rd4 Qb6 32. Na4 Qc7 33. Rc1 Qe7 34.
Na5 Qe5 35. f4 Qxa5 36. Rxd6 Rxd6 37. Qxd6 Qxa4 38. Qf6+ Kg8 39. Qg5+ Kh8 40.
Qf6+ Kg8 41. Qe6+ Kh8 42. Qe5+ Kg8 43. Qe6+ Kh8 44. Qf6+ Kg8
1/2-1/2

[Event "Oslo Chess International 2014"]
[Site "Oslo"]
[Date "2014.09.28"]
[Round "3"]
[White "Nilsen, Tobias Lang"]
[Black "Smeby, Ole"]
[Result "0-1"]
[WhiteElo "1652"]
[BlackElo "2042"]
[PlyCount "98"]
[EventDate "2014.??.??"]

1. e4 Nf6 2. Nc3 d6 3. d4 g6 4. Bd3 Bg7 5. Nge2 O-O 6. O-O Nbd7 7. h3 e5 8. d5
Nc5 9. f4 Nxd3 10. cxd3 exf4 11. Bxf4 c6 12. Bg5 h6 13. Bh4 g5 14. Be1 cxd5 15.
exd5 Nd7 16. Ng3 Bd4+ 17. Bf2 Bxf2+ 18. Rxf2 Ne5 19. Nf5 Bxf5 20. Rxf5 Kg7 21.
Kh1 Ng6 22. Ne4 f6 23. Ng3 Nh4 24. Rf2 f5 25. Nh5+ Kg8 26. Ng3 Qe8 27. Qb3 Qe3
28. Re2 Qxg3 29. Qxb7 Rae8 30. Rae1 Qxe1+ 31. Rxe1 Rxe1+ 32. Kh2 Re2 33. Qc7
Rfe8 34. Qc3 f4 35. Kh1 Rxg2 36. Qb4 Rge2 37. Kg1 Re1+ 38. Qxe1 Rxe1+ 39. Kf2
Rb1 40. b3 Rb2+ 41. Kf1 Rxa2 42. d4 Rb2 43. Ke1 Rxb3 44. Kf1 Rb2 45. Ke1 a5 46.
Kd1 a4 47. Kc1 a3 48. Kd1 a2 49. Kc1 a1=Q#
0-1

[Event "Oslo Chess International 2014"]
[Site "Oslo"]
[Date "2014.09.28"]
[Round "3"]
[White "Kovachev, Daniel Jakobsen"]
[Black "Gustavsson, Kent"]
[Result "1-0"]
[WhiteElo "2289"]
[BlackElo "1892"]
[PlyCount "65"]
[EventDate "2014.??.??"]

1. d4 Nf6 2. Bg5 e6 3. e3 h6 4. Bh4 d5 5. Nd2 c5 6. c3 Nc6 7. f4 cxd4 8. exd4
Be7 9. Bd3 b6 10. Nh3 Bb7 11. O-O Qc8 12. Qe2 O-O 13. Rae1 Re8 14. Nf2 a5 15.
Bxf6 Bxf6 16. Ng4 Qd8 17. Nf3 h5 18. Nxf6+ Qxf6 19. Ne5 g6 20. Rf3 Nxe5 21.
fxe5 Qg7 22. Ref1 Re7 23. Rf6 Bc6 24. h4 Be8 25. R1f4 Rb8 26. g4 hxg4 27. Rxg4
Qh6 28. a4 Kg7 29. Qf2 Rbb7 30. Rg5 Bxa4 31. Bxg6 fxg6 32. Rfxg6+ Qxg6 33. Qf6+
1-0